អាស្បូវ / (Record no. 1658)

MARC details
000 -LEADER
fixed length control field 02717nam a22002777a 4500
001 - CONTROL NUMBER
control field 1658
003 - CONTROL NUMBER IDENTIFIER
control field FISKH
005 - DATE AND TIME OF LATEST TRANSACTION
control field 20230915113728.0
008 - FIXED-LENGTH DATA ELEMENTS--GENERAL INFORMATION
fixed length control field 230913b cb ||||| |||| 00| 0 khr d
020 ## - INTERNATIONAL STANDARD BOOK NUMBER
International Standard Book Number 9789924341444
040 ## - CATALOGING SOURCE
Original cataloging agency FISKH
Language of cataloging eng
Transcribing agency FISKH
Modifying agency FISKH
082 ## - DEWEY DECIMAL CLASSIFICATION NUMBER
Classification number 813.081
100 ## - MAIN ENTRY--PERSONAL NAME
Personal name Choulean, Ang
245 ## - TITLE STATEMENT
Title អាស្បូវ /
Remainder of title ប្រលោមលោកប្រវត្តសាស្រ្ត :
Statement of responsibility, etc. អាំង ជូលាន គំនូរ ៖ មាស សារ៉ាន
260 ## - PUBLICATION, DISTRIBUTION, ETC.
Place of publication, distribution, etc. Phnom Penh :
Name of publisher, distributor, etc. Sipar,
Date of publication, distribution, etc. 2022.
300 ## - PHYSICAL DESCRIPTION
Extent 122 pages :
Other physical details illustrations ;
Dimensions 20 cm
505 ## - FORMATTED CONTENTS NOTE
Formatted contents note Z'<br/>
520 ## - SUMMARY, ETC.
Summary, etc. ចាប់ពីសតវត្សទី១៦-១៨ សិលាចារឹកជាច្រើនត្រូវបានរកឃើញនៅក្នុងប្រាសាទបុរាណនានាទូទាំងប្រទេសកម្ពុជា។ សិលាចារឹកទាំងនេះភាគច្រើនជាភាសាខ្មែរ។ ភាគច្រើនត្រូវបានចារឹកលើសសរ និងជញ្ជាំងប្រាសាទ ហើយធ្វើនៅលើដង្ហែសាសនាទៅកាន់ប្រាសាទទាំងនោះ ដែលជានិមិត្តសញ្ញារបស់ខ្មែរ។ ទន្ទឹម​នឹង​ការ​ធ្វើ​ធម្មយាត្រា​នេះ ក៏​ជា​ឱកាស​សម្រាប់​ពួក​អភិជន​ធ្វើ​បុណ្យ​ដោយ​ការ​ដោះ​លែង “ទាសករ”។ ប្រលោមលោក​នាំ​អ្នក​អាន​ទៅ​មើល​ឱកាស​ដ៏​កម្រ​ទាំង​នោះ​បាន​កើត​ឡើង​ជាង​បួន​សតវត្ស​មុន។
520 ## - SUMMARY, ETC.
Summary, etc. From the 16th-18th centuries, numerous inscriptions are found in ancient temples across Cambodia. Most of these inscriptions are in the Khmer language. Most of them are inscribed on the pillars and walls of the temples and made on the religious pilgrimage to those temples, the symbol of Khmer. Along with the pilgrimage, it is also the occasion for the nobles to make merit by releasing “slaves.” The novel takes readers to witness those rare occasions that happened over four centuries ago.
521 8# - TARGET AUDIENCE NOTE
Target audience note 920<br/>
Source Lexile estimate<br/>
521 8# - TARGET AUDIENCE NOTE
Target audience note Z'<br/>
Source Raz-Plus<br/>
650 ## - SUBJECT ADDED ENTRY--TOPICAL TERM
Topical term or geographic name entry element ប្រលោមលោក ប្រវត្តិសាស្រ្ត
Form subdivision រឿងប្រឌិត
650 ## - SUBJECT ADDED ENTRY--TOPICAL TERM
Topical term or geographic name entry element Historical novel
Form subdivision Fiction
700 ## - ADDED ENTRY--PERSONAL NAME
Personal name Meas, Saran
Relator term illustrator
942 ## - ADDED ENTRY ELEMENTS (KOHA)
Source of classification or shelving scheme Dewey Decimal Classification
Koha item type Khmer Books
Suppress in OPAC No
Holdings
Withdrawn status Lost status Source of classification or shelving scheme Damaged status Not for loan Collection Home library Current library Shelving location Date acquired Total Checkouts Full call number Barcode Date due Date last seen Date last checked out Copy number Price effective from Koha item type
    Dewey Decimal Classification     Khmer Language Books / សៀវភៅភាសាខ្មែរ Footprints International School Library Network Toul Kork Campus Footprints International School Library Network Toul Kork Campus TK Campus, Room B402, Khmer Book Case 16, Shelves 112-123 / ទូរសៀវភៅខ្មែរលេខ ១៦​ ធ្នើរ ១១២ ដល់ ១២៣ បន្ទប់ B402 សាខាទួលគោក 09/13/2023   CHO 813.081 2023-0608   09/13/2023   2 09/13/2023 Khmer Books
    Dewey Decimal Classification     Khmer Language Books / សៀវភៅភាសាខ្មែរ Footprints International School Library Network Toul Tom Poung Campus Footprints International School Library Network Toul Tom Poung Campus TTP Secondary Khmer Bookshelves 09/13/2023 1 CHO 813.081 2023-0607 04/15/2026 04/01/2026 04/01/2026 1 09/13/2023 Khmer Books